Continuities in cultural evolution

Αποθηκεύτηκε σε:
Λεπτομέρειες βιβλιογραφικής εγγραφής
Κύριος συγγραφέας: Mead, Margaret, 1901-1978
Μορφή: Βιβλίο
Γλώσσα:English
Δημοσίευση: New Haven : Yale University Press, 1964
Σειρά:Terry lectures ; ; 34
Θέματα:
Ετικέτες: Προσθήκη ετικέτας
Δεν υπάρχουν, Καταχωρήστε ετικέτα πρώτοι!

MARC

LEADER 00000cam a2200000 i 4500
001 1/6462
008 000614s1964 eng d
035 |l 10061940 
040 |a GR-MY-UA  |b gre  |e aacr 
041 0 |a eng 
082 0 |a 303.4 
100 1 |a Mead, Margaret,   |d 1901-1978. 
245 1 0 |a Continuities in cultural evolution /  |c Margaret Mead 
260 |a New Haven :   |b Yale University Press,   |c 1964 
300 |a 471 p.  |b illus. 
490 1 |a Terry lectures  |v ; 34 
504 |a Includes bibliographies 
650 0 0 |a Social change. 
830 0 |a Terry lectures ;  |v ; 34 
852 |a INST  |b LESVOS  |e 20000614  |h 303.4 MEA  |p 005100020992  |q 005100020992  |t BK  |y 0 
909 |a Λ  |b 034413 
970 |z 2000/06/ΟΙΚΟΝΟΜΟΠΟΥΛΟΥ ΧΡΙΣΤΙΝΑ